Origami in the classroom Book 1 : Activities for autumn through Christmas
| Main Author: | |
|---|---|
| Format: | Book |
| Published: |
Rutland. Vermont :
Charles E. Tuttle Company ,
1994
|
| Subjects: |
MARC
| LEADER | 00000cam a2200000 7i4500 | ||
|---|---|---|---|
| 001 | 0000000422 | ||
| 005 | 20050428.0 | ||
| 020 | |a 0804804524 | ||
| 040 | |a INS | ||
| 090 | 0 | 0 | |a LB1542. |b A7 1994 |
| 100 | 1 | |a Chiyo Araki | |
| 245 | 1 | 0 | |a Origami in the classroom Book 1 : |b Activities for autumn through Christmas |c Chiyo Araki |
| 260 | |a Rutland. Vermont : |b Charles E. Tuttle Company , |c 1994 | ||
| 300 | |a 40p. ; |c 27cm. | ||
| 650 | 0 | 0 | |a Origami |
| 999 | |a 0000006556 |b BOOK |c Open Shelf |e Default branch | ||